Economics (Record no. 1913)

000 -LEADER
fixed length control field 00569nam a22002057a 4500
003 - CONTROL NUMBER IDENTIFIER
control field OSt
005 - DATE AND TIME OF LATEST TRANSACTION
control field 20150805161545.0
008 - FIXED-LENGTH DATA ELEMENTS--GENERAL INFORMATION
fixed length control field 150805b xxu||||| |||| 00| 0 eng d
020 ## - INTERNATIONAL STANDARD BOOK NUMBER
International Standard Book Number 9781844808700
050 ## - LIBRARY OF CONGRESS CALL NUMBER
Classification number HB 171.5.M36 2011
100 ## - MAIN ENTRY--PERSONAL NAME
Relator code Mankiw, Gregory
245 ## - TITLE STATEMENT
Title Economics
Statement of responsibility, etc N. Gregory Mankiw and Mark P. Taylor
250 ## - EDITION STATEMENT
Edition statement 2nd edition
260 ## - PUBLICATION, DISTRIBUTION, ETC. (IMPRINT)
Place of publication, distribution, etc Australia
Name of publisher, distributor, etc South Western Cengage Learning
Date of publication, distribution, etc 2011
300 ## - PHYSICAL DESCRIPTION
Extent xxiv,902 p:
Other physical details ill.
Dimensions 28cm.
504 ## - BIBLIOGRAPHY, ETC. NOTE
Bibliography, etc Include glossary and index
650 ## - SUBJECT ADDED ENTRY--TOPICAL TERM
Topical term or geographic name as entry element Economics
700 ## - ADDED ENTRY--PERSONAL NAME
Personal name Taylor, P. Mark
942 ## - ADDED ENTRY ELEMENTS (KOHA)
Source of classification or shelving scheme
Koha item type Book
Holdings
Withdrawn status Lost status Source of classification or shelving scheme Damaged status Not for loan Home library Current library Shelving location Date acquired Total Checkouts Full call number Barcode Date last seen Date checked out Copy number Price effective from Koha item type
          Riara University Library Riara University Library General stack 05/08/2015 3 HB 171.5.M36 2011 6514/15 24/06/2025 27/05/2025 C.1 05/08/2015 Book

Riara University Library,
P.O. Box 49940-00100,
Nairobi, Kenya.